000 00755nam a22002177a 4500
999 _c16354
_d16354
003 AR-CdUCM
008 190328b ||||| |||| 00| 0 spa d
040 _aMUNICIPALIDAD PROVINCIAL DEL CUSCO
_cBIBLIOTECA MUNICIPAL DEL CUSCO
082 _a109.4 /
_bR96 / 1931
100 _aRussell, Bertrand
_916285
245 _aEnsayos de un escéptico /
260 _aMadrid :
_bAguilar,
_c1931.
300 _a283 páginas ;
_c19 cm.
440 _aBiblioteca de ideas y estudios contemporáneos
_925870
505 _aContenido : Sobre el valor del escepticismo -- Ensueños y hechos -- ¿Es supersticiosa la ciencia? ...
650 _aEnsayos
_9375
650 _aEsceptico
_935751
650 _aSociedad
_953
942 _2ddc
_cLIBROS
945 _arah
_d03/05/2019